000 01050nam0a22002651 4500
001 rc\3939101
005 20130415113810.3
021 _aRU
_b[57-5720]
035 _a(NLR Aleph) 008037181
090 _a8858141
_c8858141
100 _a20130415d1956 |||y0rusy50 ca
101 0 _arus
102 _aRU
105 _aab z |||||
200 1 _aСоциально-экономическая история Тувы. XIX - начало XX в.
_fАкад. наук СССР. Ин-т истории. Тувин. науч.-исслед. ин-т языка, литературы и истории
210 _aМосква
_cИзд-во Акад. наук СССР
_d1956
215 _a608 с., 1 л. карт.
_cил.
_d20
320 _aБиблиогр.: с. 564-585
607 _aТувинская автономная область
_xИстория
_2psbo
700 1 _aДулов
_bВ. И.
_f1913-1964
_gВсеволод Иванович
801 0 _aRU
_bNLR
_gpsbo
801 1 _aRU
_bELAR
_2rusmarc
852 _aNLR
_j57-3/636
942 _cBOOK
980 _aNB